My Life A Fragment (Record no. 187040)
[ view plain ]
| 000 -LEADER | |
|---|---|
| fixed length control field | 00346 a2200157 4500 |
| 003 - CONTROL NUMBER IDENTIFIER | |
| control field | Nust |
| 005 - DATE AND TIME OF LATEST TRANSACTION | |
| control field | 20170207153454.0 |
| 040 ## - CATALOGING SOURCE | |
| Transcribing agency | Nust |
| 082 ## - DEWEY DECIMAL CLASSIFICATION NUMBER | |
| Classification number | 920 |
| 100 ## - MAIN ENTRY--PERSONAL NAME | |
| Personal name | Ali, mohamed Maulana |
| 245 ## - TITLE STATEMENT | |
| Title | My Life A Fragment |
| Statement of responsibility, etc. | Maulana Mohamed Ali |
| 250 ## - EDITION STATEMENT | |
| Edition statement | Biography |
| 260 ## - PUBLICATION, DISTRIBUTION, ETC. | |
| Place of publication, distribution, etc. | Lahore |
| Name of publisher, distributor, etc. | Shaikh M. Ashraf |
| 300 ## - PHYSICAL DESCRIPTION | |
| Extent | 362:p |
| 650 ## - SUBJECT ADDED ENTRY--TOPICAL TERM | |
| Topical term or geographic name entry element | Biography |
| 942 ## - ADDED ENTRY ELEMENTS (KOHA) | |
| Source of classification or shelving scheme | |
| Koha item type | Book |
| Withdrawn status | Lost status | Source of classification or shelving scheme | Damaged status | Not for loan | Collection code | Current Location | Date acquired | Total Checkouts | Full call number | Barcode | Date last seen | Price effective from | Koha item type |
|---|---|---|---|---|---|---|---|---|---|---|---|---|---|
| Military College of Signals (MCS) | 12/12/2016 | 920 ALI | MCS26211 | 12/08/2016 | 12/12/2016 | Book |
